[Event "Gulf-ch Amateur"]
[Site "Kuwait"]
[Date "2019.10.23"]
[Round "3"]
[White "Huwaidi, Fahad"]
[Black "Shaker, Mosab"]
[Result "0-1"]
[WhiteElo "1549"]
[BlackElo "1734"]
[PlyCount "87"]
[EventDate "2019.10.21"]
[EventType "swiss"]
[EventRounds "9"]
[EventCountry "KUW"]
[SourceTitle "CBM 195 Extra"]
[Source "ChessBase"]
[SourceDate "2020.05.31"]
[SourceVersion "1"]
[SourceVersionDate "2020.05.31"]
[SourceQuality "1"]

1. e3 d5 2. c4 e6 3. Nf3 Nf6 4. Be2 Bd6 5. Nc3 0-0 6. 0-0 Nbd7 7. d4 c6 8. a3 a5 9. Rb1 dxc4 10. Bxc4 e5 11. Ba2 Qc7 12. Qc2 b5 13. Nxe5 Nxe5 14. dxe5 Bxe5 15. f4 Bd6 16. Ne4 Nxe4 17. Qxe4 Bb7 18. Bd2 c5 19. Bd5 Rfe8 20. Qf3 Bxd5 21. Qxd5 Rad8 22. Qf3 Bxf4 23. Bxa5 Qxa5 24. Qxf4 Re7 25. Rbd1 Rde8 26. Rd5 Qa7 27. Re1 h6 28. Kh1 Qb6 29. Rd3 c4 30. Rc3 Re4 31. Qf2 Qe6 32. h3 f5 33. Rf1 g6 34. Qg3 Kg7 35. Rf3 Rd8 36. Qe1 f4 37. Qc1 Re8 38. Qd2 fxe3 39. Qe2 g5 40. g4 Qc6 41. Kh2 Qd6+ 42. Kg2 Qd2 43. Rc2 Qd3 44. Kf1 0-1

[Event "World Amateur-ch U1700"]
[Site "Cagliari"]
[Date "2018.04.24"]
[Round "4"]
[White "Kostov, Kiril"]
[Black "Huwaidi, Fahad"]
[Result "1-0"]
[WhiteElo "1125"]
[BlackElo "1544"]
[PlyCount "99"]
[EventDate "2018.04.22"]
[EventType "swiss"]
[EventRounds "9"]
[EventCountry "ITA"]
[SourceTitle "CBM 184 Extra"]
[Source "ChessBase"]
[SourceDate "2018.06.28"]
[SourceVersion "1"]
[SourceVersionDate "2018.06.28"]
[SourceQuality "1"]

1. e4 c5 2. Nc3 Nc6 3. g3 g6 4. Bg2 Bg7 5. Nge2 e5 6. 0-0 Nge7 7. d3 0-0 8. Be3 d6 9. f4 exf4 10. Bxf4 a6 11. Rb1 Be6 12. a3 Qd7 13. Be3 Bd4 14. Bxd4 cxd4 15. Nd5 Bxd5 16. exd5 Ne5 17. Nxd4 Rac8 18. h3 Qc7 19. c3 Qc5 20. Kh1 Qb6 21. Re1 Qc7 22. c4 Qb6 23. Nf3 Nf5 24. Nxe5 dxe5 25. g4 Ne3 26. Qd2 Nxg2 27. Qxg2 Qd6 28. b4 b6 29. Qg3 Rfe8 30. Qf3 f5 31. gxf5 Rf8 32. Rg1 Kh8 33. Qe3 Rxf5 34. Rg5 Rcf8 35. Rxf5 gxf5 36. Rf1 b5 37. Qc5 Qh6 38. Kh2 Qg7 39. cxb5 Rg8 40. Rg1 Qb7 41. Rxg8+ Kxg8 42. b6 Qd7 43. Qc6 Qf7 44. Qc8+ Kg7 45. Qc7 e4 46. Qxf7+ Kxf7 47. dxe4 fxe4 48. b7 e3 49. b8Q e2 50. Qe5 1-0

[Event "KUW-ch final"]
[Site "Kuwait"]
[Date "2018.01.18"]
[Round "8"]
[White "Al Azmi, Khalaf"]
[Black "Huwaidi, Fahad"]
[Result "1-0"]
[WhiteElo "1732"]
[BlackElo "1561"]
[PlyCount "35"]
[EventDate "2018.01.09"]
[EventType "tourn"]
[EventRounds "9"]
[EventCountry "KUW"]
[SourceTitle "EXT 2019"]
[Source "ChessBase"]
[SourceDate "2018.10.10"]
[SourceVersion "1"]
[SourceVersionDate "2018.10.10"]
[SourceQuality "1"]

1. e4 e5 2. Nf3 d6 3. d4 Bg4 4. dxe5 Bxf3 5. Qxf3 dxe5 6. Bc4 Nf6 7. Qb3 Qe7 8. Nc3 c6 9. Bg5 b5 10. Nxb5 cxb5 11. Bxb5+ Nbd7 12. 0-0-0 Rd8 13. Rxd7 Rxd7 14. Rd1 Qe6 15. Bxf6 gxf6 16. Bxd7+ Qxd7 17. Rxd7 Kxd7 18. Qd5+ 1-0

[Event "KUW-ch final"]
[Site "Kuwait"]
[Date "2018.01.14"]
[Round "5"]
[White "Alotaibi, Khaled"]
[Black "Huwaidi, Fahad"]
[Result "1/2-1/2"]
[WhiteElo "1424"]
[BlackElo "1561"]
[PlyCount "83"]
[EventDate "2018.01.09"]
[EventType "tourn"]
[EventRounds "9"]
[EventCountry "KUW"]
[SourceTitle "EXT 2019"]
[Source "ChessBase"]
[SourceDate "2018.10.10"]
[SourceVersion "1"]
[SourceVersionDate "2018.10.10"]
[SourceQuality "1"]

1. d4 Nf6 2. c4 d5 3. Nc3 c6 4. cxd5 Nxd5 5. e4 Nxc3 6. bxc3 g6 7. Nf3 Bg7 8. e5 0-0 9. Be3 e6 10. Qd2 Nd7 11. Bh6 f6 12. Bc4 Nb6 13. Bb3 Nd5 14. Bxg7 Kxg7 15. c4 Nb6 16. 0-0 Qe7 17. exf6+ Qxf6 18. a4 Rd8 19. Rfe1 Nd7 20. c5 Nxc5 21. Bc4 e5 22. dxe5 Qf8 23. Qc3 Be6 24. Ng5 Qe7 25. Nxe6+ Nxe6 26. Qf3 Rd4 27. Qf6+ Qxf6 28. exf6+ Kxf6 29. Bxe6 Rad8 30. h3 R8d6 31. Bb3 c5 32. Red1 Rxd1+ 33. Rxd1 Rxd1+ 34. Bxd1 Ke5 35. Kf1 Kd4 36. Ke2 Kc3 37. g4 a6 38. f4 Kd4 39. h4 Ke4 40. f5 Ke5 41. fxg6 hxg6 42. Kf3 1/2-1/2

[Event "KUW-ch final"]
[Site "Kuwait"]
[Date "2018.01.11"]
[Round "3"]
[White "Al Khateeb, Taher"]
[Black "Huwaidi, Fahad"]
[Result "1-0"]
[WhiteElo "2001"]
[BlackElo "1561"]
[PlyCount "97"]
[EventDate "2018.01.09"]
[EventType "tourn"]
[EventRounds "9"]
[EventCountry "KUW"]
[SourceTitle "EXT 2019"]
[Source "ChessBase"]
[SourceDate "2018.10.10"]
[SourceVersion "1"]
[SourceVersionDate "2018.10.10"]
[SourceQuality "1"]

1. d4 d5 2. Bg5 h6 3. Bh4 g5 4. Bg3 Bg7 5. e3 Nf6 6. c4 c6 7. Nc3 0-0 8. h3 Bf5 9. Qb3 Qb6 10. c5 Qxb3 11. axb3 Nbd7 12. Nf3 Bg6 13. b4 Ne4 14. Bh2 Nxc3 15. bxc3 a6 16. Be2 f6 17. 0-0 e5 18. c4 Bf7 19. dxe5 fxe5 20. Rad1 Rfd8 21. cxd5 cxd5 22. Rd2 a5 23. Bb5 e4 24. Nd4 axb4 25. c6 bxc6 26. Nxc6 Bc3 27. Nxd8 Rxd8 28. Rdd1 Nc5 29. Rb1 Bg6 30. Rfd1 Bh5 31. g4 Bf7 32. Bc7 Rc8 33. Ba5 Nd3 34. Bxd3 exd3 35. Bxb4 Bf6 36. Rbc1 Rc2 37. Ba3 Bg6 38. Rxc2 dxc2 39. Rxd5 Bc3 40. f3 Bb4 41. Bc1 Kf7 42. e4 h5 43. Rd7+ Ke6 44. Rc7 Be7 45. Rxc2 h4 46. Rc6+ Kf7 47. Rc7 Ke6 48. Rxe7+ Kxe7 49. Bxg5+ 1-0

[Event "KUW-ch First Stage"]
[Site "Kuwait"]
[Date "2017.12.18"]
[Round "8.8"]
[White "Huwaidi, Fahad"]
[Black "Alasad, Tareq"]
[Result "1-0"]
[WhiteElo "1531"]
[BlackElo "1488"]
[PlyCount "73"]
[EventDate "2017.12.09"]
[EventType "swiss"]
[EventRounds "9"]
[EventCountry "KUW"]
[SourceTitle "EXT 2024"]
[Source "ChessBase"]
[SourceDate "2023.10.10"]
[SourceVersion "1"]
[SourceVersionDate "2023.10.10"]
[SourceQuality "1"]

1. d4 e6 2. c4 c5 3. Nc3 Nf6 4. Nf3 d6 5. Bg5 Be7 6. e3 h6 7. Bf4 d5 8. Bd3 a6 9. 0-0 Nc6 10. Re1 Qb6 11. Na4 Qb4 12. a3 Qa5 13. dxc5 b5 14. b4 Qxa4 15. Bc2 Qxc2 16. Qxc2 bxc4 17. Nd4 Na7 18. f3 0-0 19. Bd6 Bxd6 20. cxd6 Bd7 21. e4 Rac8 22. e5 Nh5 23. Qc1 g5 24. g3 Ba4 25. Kg2 Kh7 26. Qe3 Ra8 27. h4 Rg8 28. hxg5 Rxg5 29. g4 Rag8 30. Rh1 Bd7 31. Kf2 f5 32. Rxh5 R5g6 33. Rah1 fxg4 34. Rxh6+ Kg7 35. Rxg6+ Kxg6 36. Qh6+ Kf7 37. Qf6+ 1-0

[Event "KUW-ch First Stage"]
[Site "Kuwait"]
[Date "2017.12.17"]
[Round "7.5"]
[White "Alruwayeh, Talal"]
[Black "Huwaidi, Fahad"]
[Result "1-0"]
[WhiteElo "1542"]
[BlackElo "1531"]
[PlyCount "79"]
[EventDate "2017.12.09"]
[EventType "swiss"]
[EventRounds "9"]
[EventCountry "KUW"]
[SourceTitle "EXT 2024"]
[Source "ChessBase"]
[SourceDate "2023.10.10"]
[SourceVersion "1"]
[SourceVersionDate "2023.10.10"]
[SourceQuality "1"]

1. e4 e5 2. Nf3 Nc6 3. Bc4 h6 4. c3 Nf6 5. d3 a6 6. 0-0 Bc5 7. d4 exd4 8. cxd4 Bb6 9. Nc3 0-0 10. Re1 d6 11. h3 Ne7 12. Bf4 Be6 13. d5 Bd7 14. a4 Ng6 15. Be3 Qc8 16. a5 Bc5 17. Bxc5 dxc5 18. Qc2 Nh5 19. e5 Bf5 20. Qb3 Nhf4 21. e6 fxe6 22. dxe6 Re8 23. Re3 Kh7 24. Rae1 c6 25. Na4 Ne7 26. Nb6 Qc7 27. Nxa8 Rxa8 28. Nh4 Nfd5 29. Nxf5 Nxf5 30. Rf3 Qxa5 31. Re5 Qa1+ 32. Kh2 Nd4 33. Qd3+ Kh8 34. Rf7 Qxb2 35. Qg3 Rg8 36. e7 Nxe7 37. Rfxe7 Nf5 38. Rxf5 Rd8 39. Rff7 b5 40. Rxg7 1-0

[Event "KUW-ch First Stage"]
[Site "Kuwait"]
[Date "2017.12.13"]
[Round "4.4"]
[White "Huwaidi, Fahad"]
[Black "Al Azmi, Khalaf"]
[Result "1/2-1/2"]
[WhiteElo "1531"]
[BlackElo "1737"]
[PlyCount "47"]
[EventDate "2017.12.09"]
[EventType "swiss"]
[EventRounds "9"]
[EventCountry "KUW"]
[SourceTitle "EXT 2024"]
[Source "ChessBase"]
[SourceDate "2023.10.10"]
[SourceVersion "1"]
[SourceVersionDate "2023.10.10"]
[SourceQuality "1"]

1. e4 e5 2. Nf3 Nc6 3. Bc4 Nf6 4. d3 Bc5 5. Bg5 d6 6. Bxf6 Qxf6 7. 0-0 Bg4 8. Nbd2 0-0 9. h3 Bxf3 10. Qxf3 Qxf3 11. Nxf3 Nb4 12. c3 Nc6 13. a3 a6 14. Ba2 Ba7 15. Rfd1 Kh8 16. d4 Rad8 17. Bd5 f6 18. Kf1 exd4 19. Nxd4 Nxd4 20. cxd4 c6 21. Be6 g6 22. d5 Rfe8 23. Rac1 c5 24. g4 1/2-1/2

[Event "KUW-ch First Stage"]
[Site "Kuwait"]
[Date "2017.12.11"]
[Round "3.2"]
[White "Maqseed, Nasser"]
[Black "Huwaidi, Fahad"]
[Result "1-0"]
[WhiteElo "1897"]
[BlackElo "1531"]
[PlyCount "81"]
[EventDate "2017.12.09"]
[EventType "swiss"]
[EventRounds "9"]
[EventCountry "KUW"]
[SourceTitle "EXT 2024"]
[Source "ChessBase"]
[SourceDate "2023.10.10"]
[SourceVersion "1"]
[SourceVersionDate "2023.10.10"]
[SourceQuality "1"]

1. d4 d5 2. c4 e6 3. Nf3 Nf6 4. Nc3 Bb4 5. Bd2 Nc6 6. e3 0-0 7. Bd3 Bxc3 8. Bxc3 Ne4 9. Rc1 Nxc3 10. Rxc3 Nb4 11. Bb1 f5 12. a3 Nc6 13. 0-0 Qf6 14. Ba2 dxc4 15. Bxc4 Kh8 16. Bb5 Bd7 17. Ne5 Rad8 18. Nxd7 Rxd7 19. Qf3 e5 20. Bxc6 bxc6 21. Rxc6 Qe7 22. Rfc1 exd4 23. exd4 Re8 24. g3 Qf7 25. Qf4 Re4 26. Rxc7 g6 27. Rxd7 Qxd7 28. Qb8+ Re8 29. Qb4 f4 30. Qc3 Kg8 31. Qb3+ Kh8 32. d5 Rf8 33. Qb4 Kg8 34. Qe4 Kg7 35. Qe5+ Kh6 36. Rc7 Qd8 37. gxf4 Qf6 38. d6 Qxf4 39. Qxf4+ Rxf4 40. Rxa7 Rd4 41. d7 1-0

[Event "Kuwait Amateur Group A"]
[Site "Kuwait"]
[Date "2017.11.13"]
[Round "9.8"]
[White "Hussain, Hashem"]
[Black "Huwaidi, Fahad"]
[Result "0-1"]
[WhiteElo "1733"]
[BlackElo "1523"]
[PlyCount "70"]
[EventDate "2017.11.05"]
[EventType "swiss"]
[EventRounds "9"]
[EventCountry "KUW"]
[SourceTitle "EXT 2024"]
[Source "ChessBase"]
[SourceDate "2023.10.10"]
[SourceVersion "1"]
[SourceVersionDate "2023.10.10"]
[SourceQuality "1"]

1. e4 e5 2. Nf3 Nc6 3. Bb5 d6 4. d3 Bd7 5. c3 Na5 6. Bxd7+ Qxd7 7. Be3 Nf6 8. h3 Be7 9. Nbd2 Nc6 10. Nf1 d5 11. Ng3 dxe4 12. dxe4 Qxd1+ 13. Rxd1 0-0 14. Ke2 b6 15. b4 a6 16. Nd2 g6 17. f3 Kg7 18. h4 h5 19. Nc4 b5 20. Nb2 Rfd8 21. Nd3 Ne8 22. f4 exf4 23. Bxf4 a5 24. a3 axb4 25. axb4 Ra2+ 26. Rd2 Rxd2+ 27. Kxd2 Bxb4 28. cxb4 Nxb4 29. Kc3 Nxd3 30. Rd1 b4+ 31. Kc2 b3+ 32. Kc3 b2 33. Be3 Nc1 34. Bxc1 Rxd1 35. Bxb2 Rg1 0-1